00527nam a2200193Ia 4500003000900000008004100009020002200050040001600072080001300088100001800101245004800119250001200167260003200179300001400211490004100225650002000266650002500286650002200311IN-BaIIA211028s9999 xx 000 0 eng d a978-1-4398-0858-0 cIIA Library a535bTYS aTyson, Robert 0aPrinciples of adaptive opticscRobert Tyson a3rd ed. aBoca RatonbCRC Pressc2011 axv, 299p. aSeries in optics and optoelectronics aAdaptive optics aWavefront correction aWavefront sensing